| 000 | 01910nam a2200265Ia 4500 | ||
|---|---|---|---|
| 003 | OSt | ||
| 005 | 20210520111445.0 | ||
| 008 | 210310s1978 mx gr 000 0 spa d | ||
| 020 | _a9682302412 | ||
| 040 |
_aCO-JMCR _cCO-JMCR |
||
| 041 | 0 | _aspa | |
| 082 | 0 | 4 |
_a335.42 / _bC698m _223 |
| 100 | 1 |
_aColletti, Lucio, _915523 _eautor |
|
| 245 | 1 | 3 |
_aEl marxismo y el derrumbe del capitalismo / _cLucio Colletti ; edición preparada por José Aricó |
| 250 | _aPrimera edición | ||
| 260 |
_aMéxico : _bSiglo Veintiuno Editores, _c1978 |
||
| 300 |
_a469 páginas ; _c21 cm. |
||
| 490 | 0 | _aBiblioteca del pensamiento socialista. Serie ensayos críticos | |
| 500 | _aIncluye notas a pie de página. | ||
| 505 | 0 | _aEl Marxismo y el derrumbe del capitalismo -- El capital, libro III, la ley de la baja tendencial de la tasa de tanancia -- Teorías sobre el plusvalor -- Las premisas del socialismo y las tareas de la social-democracia, la crisis y las posibilidades de adaptación de la economía moderna -- Contribución a la teoría del derrumbe ¿Adónde lleva nuestro desarrollo económico? -- La contribución a la teoría de las crisis comerciales y de la sobreproducción -- Teorías de las crisis -- Fundamentos teóricos del Marxismo -- Estudios sobre la teoría e historia de las crisis comerciales en Inglaterra -- Para una caracterización del romanticismo económico -- El desarrollo del capitalismo en Rusia -- El capital financiero -- La acumulación del capital -- La acumulación del capital o en qué han convertido los epígonos la teoría de Marx. Una anticrítica -- El imperialismo, fase superior del capitalismo -- El imperialismo y la acumulación del capital -- La ley de la acumulación y del derrumbe del sistema capitalista | |
| 650 | 1 | 4 |
_aMarxismo _915525 _xCrítica e interpretación |
| 650 | 2 | 4 |
_aCapitalismo _937705 |
| 700 | 1 |
_aAricó, José, _eeditor _911380 |
|
| 942 |
_2ddc _cBK |
||
| 999 |
_c7812 _d7812 |
||